[Event "FRA-chT2 South 0809"]
[Site "France"]
[Date "2008.12.14"]
[Round "4.7"]
[White "Bolon, Karelle"]
[Black "Pous, Vincent"]
[Result "1-0"]
[WhiteElo "2058"]
[BlackElo "2082"]
[PlyCount "75"]
[EventDate "2008.10.12"]
[EventType "team-tourn"]
[EventRounds "11"]
[EventCountry "FRA"]
[SourceTitle "EXT 2010"]
[Source "ChessBase"]
[SourceDate "2010.11.25"]
[SourceVersion "1"]
[SourceVersionDate "2010.11.25"]
[SourceQuality "1"]
[WhiteTeam "Ramonville"]
[BlackTeam "Saint Affrique"]
[WhiteTeamCountry "FRA"]
[BlackTeamCountry "FRA"]

1. d4 Nf6 2. Bf4 e6 3. c3 b6 4. Nd2 Bb7 5. e3 Be7 6. Ngf3 d6 7. Be2 Nbd7 8. a3 Nf8 9. h3 Ng6 10. Bg3 h5 11. Bd3 Nf8 12. Qe2 N6d7 13. e4 c5 14. Rc1 Rc8 15. Nc4 cxd4 16. Bxd6 b5 17. Bxe7 Kxe7 18. Nce5 Nxe5 19. Nxe5 dxc3 20. bxc3 a6 21. 0-0 f6 22. Nf3 Ng6 23. Rfd1 Qa5 24. e5 Nf4 25. Qe3 Bxf3 26. exf6+ gxf6 27. Qxf3 Nxd3 28. Rxd3 Rc7 29. Qg3 Kf7 30. Rcd1 Re7 31. Rd7 Qxa3 32. R1d6 e5 33. Qf3 Qc1+ 34. Rd1 Qa3 35. Qf5 Rhe8 36. Qxh5+ Ke6 37. R1d6+ Qxd6 38. Qg4+ 1-0

[Event "FRA-chT2 South 0708"]
[Site "France"]
[Date "2008.03.15"]
[Round "8.7"]
[White "Pous, Vincent"]
[Black "Cherki, Thomas"]
[Result "1-0"]
[WhiteElo "2063"]
[BlackElo "2227"]
[PlyCount "59"]
[EventDate "2007.10.21"]
[EventType "team"]
[EventRounds "11"]
[EventCountry "FRA"]
[SourceTitle "EXT 2009"]
[Source "ChessBase"]
[SourceDate "2008.11.26"]
[SourceVersion "1"]
[SourceVersionDate "2008.11.26"]
[SourceQuality "1"]
[WhiteTeam "Saint Affrique"]
[BlackTeam "Vitrolles"]
[WhiteTeamCountry "FRA"]
[BlackTeamCountry "FRA"]

1. e4 Nf6 2. e5 Nd5 3. c4 Nb6 4. d4 d6 5. exd6 exd6 6. Nc3 Be7 7. Bd3 Nc6 8. Nge2 Bg4 9. f3 Bh4+ 10. Ng3 Bh5 11. Qe2+ Qe7 12. Qxe7+ Kxe7 13. Be3 Bg6 14. Be2 Rad8 15. 0-0-0 Rhe8 16. c5 Nc8 17. Bb5 Kf8 18. Bf4 Bxg3 19. Bxg3 N8e7 20. d5 Ne5 21. Bxe8 Rxe8 22. Bxe5 dxe5 23. Rhe1 Nf5 24. Nb5 c6 25. Nc7 Rd8 26. d6 b6 27. b4 a5 28. Rxe5 axb4 29. cxb6 Nxd6 30. Rxd6 1-0

[Event "FRA-chT2 South 0607"]
[Site "France"]
[Date "2007.03.17"]
[Round "8.6"]
[White "Oliveira, Sancho"]
[Black "Pous, Vincent"]
[Result "1/2-1/2"]
[WhiteElo "2218"]
[BlackElo "2056"]
[PlyCount "88"]
[EventDate "2006.10.15"]
[EventType "team"]
[EventRounds "11"]
[EventCountry "FRA"]
[SourceTitle "EXT 2008"]
[Source "ChessBase"]
[SourceDate "2007.11.25"]
[SourceVersion "1"]
[SourceVersionDate "2007.11.25"]
[SourceQuality "1"]
[WhiteTeam "Nice"]
[BlackTeam "Saint Affrique"]
[WhiteTeamCountry "FRA"]
[BlackTeamCountry "FRA"]

1. e4 c5 2. Nf3 Nc6 3. d4 cxd4 4. Nxd4 Nf6 5. Nc3 e5 6. Ndb5 d6 7. Bg5 a6 8. Na3 b5 9. Bxf6 gxf6 10. Nd5 Bg7 11. c3 f5 12. exf5 Bxf5 13. Nc2 0-0 14. Nce3 Bg6 15. a4 bxa4 16. h4 Be4 17. Rxa4 Bxd5 18. Nxd5 a5 19. h5 h6 20. Rg4 Rb8 21. Bc4 Kh8 22. Qd2 Ne7 23. Nxe7 Qxe7 24. Rh3 f5 25. Rg6 f4 26. b3 Rf6 27. Rd3 Rxg6 28. hxg6 e4 29. Rh3 Qe5 30. Kf1 Re8 31. Qd5 Qxd5 32. Bxd5 e3 33. fxe3 Rxe3 34. Rxe3 fxe3 35. c4 Bd4 36. Ke2 Kg7 37. Be4 Bc5 38. Bd3 Bd4 39. Kf3 Kf6 40. Ke4 Bc5 41. Kf3 Bd4 42. g4 Bc5 43. Ke2 Kg7 44. Kf3 Kf6 1/2-1/2

[Event "FRA-chT2C 0506"]
[Site "France"]
[Date "2006.02.05"]
[Round "7.5"]
[White "Pous, Vincent"]
[Black "Pantioukhine, Slava"]
[Result "1-0"]
[WhiteElo "2061"]
[BlackElo "2026"]
[PlyCount "49"]
[EventDate "2005.10.27"]
[EventType "team"]
[EventRounds "11"]
[EventCountry "FRA"]
[SourceTitle "EXT 2006"]
[Source "ChessBase"]
[SourceDate "2005.11.24"]
[SourceVersion "1"]
[SourceVersionDate "2005.11.24"]
[SourceQuality "1"]

1. e4 Nf6 2. e5 Nd5 3. c4 Nb6 4. d4 d6 5. exd6 cxd6 6. Nc3 g6 7. Be3 Bg7 8. Rc1 0-0 9. b3 Nc6 10. d5 Nb8 11. f4 e5 12. dxe6 Bxe6 13. Nf3 Re8 14. Kf2 Nc6 15. Nb5 d5 16. c5 d4 17. Nfxd4 Nd5 18. Nxe6 Rxe6 19. Bc4 Qh4+ 20. g3 Nxe3 21. gxh4 Nxd1+ 22. Rcxd1 Re4 23. Kf3 Rae8 24. Nd6 Nd4+ 25. Kg2 1-0

[Event "FRA-chT2 0405"]
[Site "France"]
[Date "2004.11.07"]
[Round "3.7"]
[White "Pous, Vincent"]
[Black "Mondamert, Stephane"]
[Result "1-0"]
[WhiteElo "2057"]
[BlackElo "1420"]
[PlyCount "67"]
[EventDate "2004.10.10"]
[EventType "team"]
[EventRounds "11"]
[EventCountry "FRA"]
[SourceTitle "EXT 2006"]
[Source "ChessBase"]
[SourceDate "2005.11.24"]
[SourceVersion "1"]
[SourceVersionDate "2005.11.24"]
[SourceQuality "1"]

1. e4 e6 2. d3 Nf6 3. Nd2 g6 4. g3 Bg7 5. Bg2 0-0 6. Ngf3 d5 7. 0-0 c5 8. Re1 Nc6 9. c3 b5 10. e5 Nd7 11. d4 cxd4 12. cxd4 a5 13. Nf1 Qb6 14. Bf4 Ba6 15. h4 h5 16. Qd2 f6 17. exf6 Nxf6 18. Rxe6 Ne4 19. Qc2 Rf6 20. Rxf6 Bxf6 21. Be3 Rc8 22. Qb3 Qd8 23. Bh3 Qd6 24. Bxc8 Bxc8 25. Qxb5 Bd7 26. Qb3 Bh3 27. Bf4 Qe6 28. Ne3 Nxd4 29. Nxd4 Bxd4 30. Qb8+ Kf7 31. Qc7+ Kf6 32. Rc1 Bxe3 33. Rc6 Bxf2+ 34. Kh2 1-0

[Event "FRA-chT2 0405"]
[Site "France"]
[Date "2004.10.10"]
[Round "1.7"]
[White "Pous, Vincent"]
[Black "Dijoux, Frederic"]
[Result "1/2-1/2"]
[WhiteElo "2057"]
[BlackElo "2119"]
[PlyCount "219"]
[EventDate "2004.10.10"]
[EventType "team"]
[EventRounds "11"]
[EventCountry "FRA"]
[SourceTitle "EXT 2006"]
[Source "ChessBase"]
[SourceDate "2005.11.24"]
[SourceVersion "1"]
[SourceVersionDate "2005.11.24"]
[SourceQuality "1"]
[WhiteTeam "Saint Affrique"]
[BlackTeam "Montpellier  II"]
[WhiteTeamCountry "FRA"]
[BlackTeamCountry "FRA"]

1. e4 e6 2. d3 d5 3. Nd2 Nf6 4. Ngf3 c5 5. g3 Nc6 6. Bg2 b6 7. 0-0 Bb7 8. Re1 Be7 9. e5 Nd7 10. Nf1 Qc7 11. Bf4 h6 12. h4 g5 13. hxg5 hxg5 14. Nxg5 Ncxe5 15. d4 cxd4 16. Qxd4 Bxg5 17. Bxg5 Qc4 18. Be3 0-0-0 19. b3 Qxd4 20. Bxd4 Rh5 21. Ne3 Nc6 22. Bb2 d4 23. Nc4 Nde5 24. Nxe5 Nxe5 25. Bxb7+ Kxb7 26. Kg2 Nc6 27. a3 e5 28. Rad1 Rdh8 29. Rh1 Rxh1 30. Rxh1 Rxh1 31. Kxh1 Kc7 32. Kg2 e4 33. Kf1 Kd6 34. Ke2 f5 35. Kd2 b5 36. Ke2 Kd5 37. Bc1 a5 38. Bd2 a4 39. Be1 Ne5 40. Bb4 Nf3 41. Bf8 Ne5 42. Kd2 Nc6 43. Ke2 Na5 44. bxa4 bxa4 45. f3 Nc4 46. g4 exf3+ 47. Kxf3 fxg4+ 48. Kxg4 Ne3+ 49. Kf3 Nxc2 50. Ke2 Kc4 51. Kd2 Ne3 52. Be7 Nd5 53. Bf8 Nc3 54. Bb4 Ne4+ 55. Ke2 Nc5 56. Kd2 Nb3+ 57. Ke2 Nc5 58. Kd2 Nd7 59. Kc2 Ne5 60. Kd2 Kd5 61. Ke2 Ke4 62. Kd2 Nc4+ 63. Kc2 Ke3 64. Bc5 Ne5 65. Bb6 Nc6 66. Bc5 Na5 67. Bb6 Nb7 68. Ba7 Nd6 69. Bb6 Nb5 70. Bc5 Nc7 71. Bb6 Nd5 72. Bc5 Ke4 73. Kd2 Ne3 74. Bb4 Nc4+ 75. Kc2 d3+ 76. Kc3 Ne3 77. Kd2 Kd4 78. Bc3+ Kc4 79. Bb4 Nc2 80. Be7 Nd4 81. Bb4 Nf3+ 82. Ke3 Ne5 83. Kd2 Kb3 84. Be7 Kc4 85. Bb4 Nf3+ 86. Ke3 Nh2 87. Kd2 Nf1+ 88. Ke1 Ng3 89. Kd2 Kd4 90. Ba5 Ne4+ 91. Kd1 Kc4 92. Bb4 Kb3 93. Be7 Kb2 94. Bb4 Kb3 95. Be7 Kc4 96. Bb4 Kd4 97. Ba5 Nd6 98. Bb4 Nc4 99. Be7 Kc3 100. Bb4+ Kb3 101. Be7 Kb2 102. Bf8 Kb3 103. Be7 Kc3 104. Bb4+ Kd4 105. Be7 d2 106. Kc2 Ke3 107. Bg5+ Ke2 108. Bxd2 Nxd2 109. Kc3 Nb1+ 110. Kb4 1/2-1/2